Stavitelské kreslení. [1], Text /

Main Author: Procházka, Milan
Corporate Author: Vojenská technická akademie Antonína Zápotockého
Language: Czech
Published: Brno : Vojenská technická akademie, 1953
Series: Učební texty vysokých škol (Vojenská technická akademie Antonína Zápotockého v Brně)
Physical Description: 66 s.
Book
Saved in:
LEADER 00864nam a2200217 a 4500
001 000620757
003 CZ BrMZK
005 20040510100355.0
007 ta
008 020903s1953 xr f cze d
040 |a BOA001  |b cze  |c BOA001 
100 1 |a Procházka, Milan  |7 jx20050531012  |4 aut 
245 1 0 |a Stavitelské kreslení.  |n [1], Text /  |c Milan Procházka 
260 |a Brno :  |b Vojenská technická akademie,  |c 1953 
300 |a 66 s. 
490 1 |a Učební texty vysokých škol (Vojenská technická akademie Antonína Zápotockého v Brně) 
710 2 |a Vojenská technická akademie Antonína Zápotockého  |7 kn20010709408 
810 2 |a Vojenská akademie Antonína Zápotockého.  |t Učební texty vysokých škol 
910 |a BOA001  |b 4-0603.630,1 
990 |a BK 
996 7 |b 2619204805  |c 4-0603.630,1  |l MZK  |r Sklad / do 1 hodiny  |n 0  |w 000620757  |u 000010  |a 1  |e BOA001  |j MZK50  |s A